Descubre que Barcelona es mucho más = Discover that Barcelona is much more
Descripción Física:
1 f. plegat en 4 parts ; 21 x 10 cm
Materias:
Turisme -- Barcelona (Província)
MARC
| LEADER | 00000nam a2200000Ia 4500 | ||
|---|---|---|---|
| 001 | 23736 | ||
| 008 | 160829s2014 xx 000 0 cat d | ||
| 080 | |a FU-62-25 | ||
| 245 | |a Descubre que Barcelona es mucho más = Discover that Barcelona is much more | ||
| 260 | |a Barcelona : |b Diputació de Barcelona : |b Turisme de Barcelona, |c 2014 | ||
| 300 | |a 1 f. plegat en 4 parts ; |c 21 x 10 cm | ||
| 590 | |a Text bilingüe (castellà-anglès). Hi ha un altre exemplar en bilingüe (català-francès) amb R. 23737 i en alemany-rus amb R. 24137 | ||
| 650 | 0 | |a Turisme |z Barcelona (Província) |9 32796 | |
| 710 | 1 | |a Barcelona (Catalunya : Província). |b Diputació |9 52408 | |
| 856 | |u www.barcelonaturisme.cat. |x www.visitbarcelona.com. |x www.barcelonaesmuchomas.com. |x www.barcelonaismuchmore.com | ||
| 901 | |a Arxiu | ||
| 942 | |n 1 | ||
| 952 | |0 0 |1 0 |4 0 |6 FU6225 |7 1 |9 55487 |a Arxiu |b Arxiu |d 2016-12-01 |l 0 |o FU-62-25 |p 23736 |r 2016-12-01 00:00:00 |w 2016-12-01 |y ARXIU | ||
| 999 | |c 59360 |d 59360 | ||